| 000 | 00970nam a2200217 a 4500 | ||
|---|---|---|---|
| 001 | 000027565 | ||
| 005 | 20200930030928.0 | ||
| 008 | 110401s2010 dr acg 001 0 spa d | ||
| 040 |
_aDO-SdBNP _bspa _cBNPHU |
||
| 082 |
_a784.4 _bS211b |
||
| 100 | 1 |
_aSánchez Dorrejo, Pedro Pablo _954655 |
|
| 245 | 1 | 0 |
_aBanda de música municipal de Santiago : _bRepública Dominicana ¡un siglo de su historia! / _cPedro Pablo Sánchez Dorrejo. |
| 260 |
_a[Santiago de los Caballeros, República Dominicana] : _bPedro P. Sánchez D., _c2010. |
||
| 300 |
_a210 p. : _bil., música, retrs. ; _c23 cm. |
||
| 500 | _aEn la portada: Academia Municipal "Ramón Emilio Peralta 1905-2005". | ||
| 590 | _aInventariado, 2018/LP | ||
| 650 | 4 |
_aBandas de música _xHistoria _zSantiago De Los Caballeros (República Dominicana{Rpara} _954656 |
|
| 650 | 4 |
_aMúsica popular dominicana _xHistoria _ySIGLO XX _954657 |
|
| 650 | 4 |
_aMúsicos dominicanos _916091 |
|
| 910 | _aValidado. Control de calidad EMS | ||
| 999 |
_c27057 _d27057 |
||